TEXT BOOK OF ENDODONTICS (Record no. 4545)

MARC details
000 -LEADER
fixed length control field 00347nam a2200145Ia 4500
003 - CONTROL NUMBER IDENTIFIER
control field SGT
082 ## - DEWEY DECIMAL CLASSIFICATION NUMBER
Classification number 617.6342
Item number E2010G
100 ## - MAIN ENTRY--PERSONAL NAME
Personal name GARG,NISHA
245 ## - TITLE STATEMENT
Title TEXT BOOK OF ENDODONTICS
250 ## - EDITION STATEMENT
Edition statement 4th
260 ## - PUBLICATION, DISTRIBUTION, ETC. (IMPRINT)
Name of publisher, distributor, etc JAYPEE MEDICAL PUBLISHER
Place of publication, distribution, etc DELHI
Year of Publication 2019
300 ## - PAGE DESCRIPTION
No. of Pages 1-540
650 ## - SUBJECT ADDED ENTRY--TOPICAL TERM
Topical term or geographic name as entry element CONSERVATIVE DENTISTRY & ENDODONTICS
942 ## - ADDED ENTRY ELEMENTS (KOHA)
Source of classification or shelving scheme Dewey Decimal Classification
Koha item type Books
942 ## - ADDED ENTRY ELEMENTS (KOHA)
-- 20
Holdings
Withdrawn status Lost status Source of classification or shelving scheme Damaged status Not for loan Home library Current library Date acquired Vendor Name Cost, normal purchase price Volume Information (Serial or Books or Non-Book Material) SGTU Bill Number Total Checkouts Full call number Accession No. (Barcode) Date last seen Date last borrowed Bill Date Koha item type
    Dewey Decimal Classification     SGT Dental Library SGT Dental Library 29/10/2010 U.B.S.DELHI 695.00 1 SGTU 620 51 617.6342 E2010G FD6271 12/01/2026 22/12/2025 05/04/2013 Books